| 000 | 00408 a2200133 4500 | ||
|---|---|---|---|
| 001 | 91294 | ||
| 082 | _aPR 1196 | ||
| 090 |
_c43389 _d43388 |
||
| 100 | _aImran; Prof Ismail and Saqib (Advisors) | ||
| 245 |
_aEvaluation of the performance parameters of F-16 Aircraft with and without B.C. Fences _n43 "A" EC |
||
| 260 |
_aKarachi _bNED University _c1995 |
||
| 300 | _aviii,120p | ||
| 500 | _aBE Project Reports | ||
| 942 |
_aCAE NUST _kPR 1196 |
||
| 999 |
_c326367 _d326367 |
||